000 00766nam a2200253 i 4500
003 DO-SdBNP
005 20231213121655.0
006 a||||gr|||| 00| 0
007 ta
008 230511e2009 dr |||gr|||| 000 d spa d
020 _a9789945466119
040 _aDO-SdBNP
_bspa
_cBNPHU
_erda
082 4 _222
_aRD862.44
_bS489b, 2009
100 1 _927133
_aSerrulle, Haffe,
_d1947-
245 1 0 _aBianto y su señor /
_cHaffe Serulle.
250 _a5a. edición
264 _aSanto Domingo :
_bFundación para la Educación y el Arte,
_c2009.
300 _a90 páginas ;
_c20 cm.
336 _2rdacontent
_atexto
_btxt
337 _2rdamedia
_asin mediación
_bn
338 _2rdacarrier
_avolumen
_bnc
590 _aInventariado 2023 / MF
942 _2ddc
_cLBS1
999 _c53490
_d53490